[Event "London Classic op"]
[Site "London"]
[Date "2017.12.05"]
[Round "5"]
[White "Manole, Stefan"]
[Black "Iraqui, Youssef"]
[Result "1-0"]
[WhiteElo "2081"]
[BlackElo "1932"]
[PlyCount "101"]
[EventDate "2017.12.02"]
[EventType "swiss"]
[EventRounds "9"]
[EventCountry "ENG"]
[SourceTitle "CBM 182 Extra"]
[Source "ChessBase"]
[SourceDate "2018.02.23"]
[SourceVersion "1"]
[SourceVersionDate "2018.02.23"]
[SourceQuality "1"]

1. e4 Nc6 2. Nc3 e5 3. Bc4 Nf6 4. d3 Na5 5. Bg5 c6 6. Nf3 d6 7. 0-0 Be7 8. a3 Nxc4 9. dxc4 Qc7 10. h3 Be6 11. Qe2 0-0 12. Rfd1 Rad8 13. Rd2 Rd7 14. Rad1 h6 15. Bh4 Re8 16. b3 a6 17. Qe3 b5 18. c5 dxc5 19. Bxf6 Rxd2 20. Rxd2 Bxf6 21. Qxc5 Be7 22. Qxe5 Qa5 23. Nb1 c5 24. Qh5 Qb6 25. Nc3 Qa5 26. Nd5 Bd8 27. Nf4 Bg5 28. Nxg5 hxg5 29. b4 cxb4 30. Nxe6 Rxe6 31. axb4 Qa1+ 32. Rd1 Qe5 33. f3 g6 34. Rd8+ Re8 35. Rxe8+ Qxe8 36. Qxg5 Qc8 37. Qd2 Qc6 38. c3 Qc4 39. Qd8+ Kh7 40. Qf6 Qa2 41. Kh2 a5 42. bxa5 Qxa5 43. Qxf7+ Kh6 44. Qf4+ Kh7 45. Qe5 Qb6 46. f4 Qe3 47. f5 gxf5 48. Qxf5+ Kg8 49. Qf3 Qc5 50. Qd3 Qe5+ 51. Qg3+ 1-0

[Event "London Classic op"]
[Site "London"]
[Date "2017.12.04"]
[Round "4"]
[White "Iraqui, Youssef"]
[Black "Gayson, Peter"]
[Result "0-1"]
[WhiteElo "1932"]
[BlackElo "2145"]
[PlyCount "48"]
[EventDate "2017.12.02"]
[EventType "swiss"]
[EventRounds "9"]
[EventCountry "ENG"]
[SourceTitle "CBM 182 Extra"]
[Source "ChessBase"]
[SourceDate "2018.02.23"]
[SourceVersion "1"]
[SourceVersionDate "2018.02.23"]
[SourceQuality "1"]

1. e4 c5 2. Nf3 e6 3. b3 a6 4. Bb2 d5 5. exd5 exd5 6. Bd3 Nf6 7. 0-0 Be7 8. Re1 0-0 9. h3 Nc6 10. Qe2 b5 11. Ne5 Nxe5 12. Qxe5 Bd6 13. Qg5 d4 14. a4 h6 15. Qh4 b4 16. Be4 Nxe4 17. Qxe4 Rb8 18. d3 Bb7 19. Qe2 Qg5 20. Qg4 Rbe8 21. Rd1 Qe5 22. f4 Qe3+ 23. Kf1 f5 24. Qh5 Qxf4+ 0-1

[Event "Cappelle op 30th"]
[Site "Cappelle la Grande"]
[Date "2014.03.05"]
[Round "6"]
[White "Capone, Nicola"]
[Black "Iraqui, Youssef"]
[Result "1-0"]
[WhiteElo "2251"]
[BlackElo "1968"]
[PlyCount "57"]
[EventDate "2014.03.01"]
[EventType "swiss"]
[EventRounds "9"]
[EventCountry "FRA"]
[SourceTitle "CBM 159 Extra"]
[Source "ChessBase"]
[SourceDate "2014.04.24"]
[SourceVersion "1"]
[SourceVersionDate "2014.04.24"]
[SourceQuality "1"]

1. e4 c5 2. Nf3 Nc6 3. d4 cxd4 4. Nxd4 Nf6 5. Nc3 e5 6. Ndb5 d6 7. Bg5 a6 8. Na3 b5 9. Nd5 Be7 10. Bxf6 Bxf6 11. c4 b4 12. Nc2 a5 13. g3 0-0 14. Bg2 Rb8 15. 0-0 g6 16. Qd3 Bg7 17. Rad1 b3 18. axb3 Nd4 19. Nxd4 exd4 20. b4 axb4 21. b3 f5 22. exf5 Bxf5 23. Be4 Be6 24. Nf4 Rxf4 25. gxf4 Qf6 26. Qf3 Kh8 27. Ra1 Bh6 28. f5 Bxf5 29. Bxf5 1-0